Testovanie optickej bezdrôtovej komunikácie LiFi

Saved in:
Bibliographic Details
Main Author: Urban, Viktor (Author)
Other Authors: Orgoň, Miloš (Thesis advisor)
Format: Manuscript Book
Language:Slovak
Published: 2025
Subjects:
Online Access:http://is.stuba.sk/zp/portal_zp.pl?podrobnosti=177445
Tags: Add Tag
No Tags, Be the first to tag this record!

MARC

LEADER 00000ntm a22000003a 4500
001 stuzp103723
003 SK-STU
005 20250614212212.1
007 ta
008 150427s2015----xo-----f-mn---000-0-slo-d
040 |a STU  |b slo 
041 0 |a slo 
100 1 |a Urban, Viktor  |u 037000  |4 aut  |U FEI Fakulta elektrotechniky a informatiky  |T FEI Ústav multimediálnych informačných a komunikačných technológií  |X 105347  |U E070  |Y 818  |7 105347 
242 0 1 |a Testing of LiFi optical wireless communication  |y eng 
245 1 0 |a Testovanie optickej bezdrôtovej komunikácie LiFi 
260 |c 2025 
650 4 |a VLC  |2 eng 
650 4 |a OWC  |2 eng 
650 4 |a LiFi  |2 eng 
650 4 |a LiFiMAX Flex  |2 eng 
650 4 |a VLC  |2 slo 
650 4 |a LiFi  |2 slo 
650 4 |a LiFiMAX FLex  |2 slo 
650 4 |a OWC  |2 slo 
700 1 |a Orgoň, Miloš  |u 037000  |k Z1  |4 ths  |U FEI Fakulta elektrotechniky a informatiky  |T FEI Ústav multimediálnych informačných a komunikačných technológií  |X 2184  |U E070  |Y 818  |7 A000002184 
856 4 |u http://is.stuba.sk/zp/portal_zp.pl?podrobnosti=177445